10 largest canadian cities by population Quiz Stats

 Plays Quiz not verified by Sporcle

Challenge
Share
Tweet
Embed
Score 0/10 Timer 01:00
0 Plays Today
province city % Correct
OntarioToronto
100%
QuebecMontreal
96.7%
British ColumbiaVancouver
95.1%
AlbertaCalgary
94.3%
AlbertaEdmonton
91%
OntarioOttawa
87.7%
ManitobaWinnipeg
85.2%
QuebecQuebec City
80.3%
OntarioHamilton
63.1%
OntarioMississauga
36.9%

You're not logged in!

Compare scores with friends on all Sporcle quizzes.
Join for Free
OR
Log In

You Might Also Like...

Show Comments

Extras

Top Quizzes Today


Score Distribution

Your Account Isn't Verified!

In order to create a playlist on Sporcle, you need to verify the email address you used during registration. Go to your Sporcle Settings to finish the process.

Report this User

Report this user for behavior that violates our Community Guidelines.

Details: